La posta de Juárez : (Registro nro. 11973)

Detalles MARC
000 -LEADER
longitud fija campo de control 02036nam a22006137a 4500
003 - IDENTIFICADOR DE NUMERO DE CONTROL
control del campo AR-RoUNA
005 - FECHA DE LA ULTIMA MODIFICACION
control del campo 20250930062558.0
008 - CAMPO DE CONTROL - LIBROS
longitud fija campo de control 250514b |||||||| |||| 00| 0 spa d
040 ## - ORIGEN DE LA CATALOGACION
Agencia que cataloga la obra original AR-RoUNA
Idioma en que se cataloga spa
Entidad que modifico el registro AR-RoUNA
041 ## - CODIGO DE IDIOMA
Codigo de idioma del texto / sonido o titulo separado spa
044 ## - CODIGO DE PAIS / ENTIDAD PRODUCTORA
Codigo MARC del pais ag
100 0# - ASIENTO PRINCIPAL - NOMBRE PERSONAL
Nombre personal Bleynat, Carlos
9 (RLIN) 27154
245 13 - TITULO PROPIAMENTE DICHO
Titulo La posta de Juárez :
Subtitulo mitos y realidades en los origenes de Firmat /
Mencion de responsabilidad, etc Carlos Bleynat
260 ## - EDITORIAL - PUBLICACION, DISTRIBUCION, ETC. (Pie de imprenta)
Lugar de publicacion, distribucion, etc Firmat (Santa Fe, Argentina) :
Nombre del editor, distribuidor, etc Luis Ruben Casaccia Ediciones,
Fecha de publicacion 2021.
300 ## - DESCRIPCION FISICA
Extension 39 p.:
Otros detalles fisicos planos,
-- fot. byn.,
Dimensiones 21x15 cm
505 0# - NOTA DE CONTENIDO CON FORMATO
Título INDICE
505 0# - NOTA DE CONTENIDO CON FORMATO
Título principal Agradecimientos
505 0# - NOTA DE CONTENIDO CON FORMATO
Título principal Prologo
505 0# - NOTA DE CONTENIDO CON FORMATO
Título principal Nelson Real y la Posta de Juarez
505 0# - NOTA DE CONTENIDO CON FORMATO
Título principal La historia de la Posta
505 0# - NOTA DE CONTENIDO CON FORMATO
Título principal La laguna de las Ranas
505 0# - NOTA DE CONTENIDO CON FORMATO
Título principal Una laguna en el plano del Ingeniero Firmat
505 0# - NOTA DE CONTENIDO CON FORMATO
Título principal La laguna y Firmat
505 0# - NOTA DE CONTENIDO CON FORMATO
Título principal Lo que nos cuenta la tradicion oral
505 0# - NOTA DE CONTENIDO CON FORMATO
Título principal Los caminos de la Posta
505 0# - NOTA DE CONTENIDO CON FORMATO
Título principal Donde estaba la Posta
505 0# - NOTA DE CONTENIDO CON FORMATO
Título principal El croquis de Pocho Juarez
505 0# - NOTA DE CONTENIDO CON FORMATO
Título principal Una prueba de acero
505 0# - NOTA DE CONTENIDO CON FORMATO
Título principal Cuando se instalo la Posta
505 0# - NOTA DE CONTENIDO CON FORMATO
Título principal Como era la Posta
505 0# - NOTA DE CONTENIDO CON FORMATO
Título principal Cuando dejo de funcionar la linea de galeras
505 0# - NOTA DE CONTENIDO CON FORMATO
Título principal Que fue de la familia Juarez
505 0# - NOTA DE CONTENIDO CON FORMATO
Título principal La vida despues de la Posta
505 0# - NOTA DE CONTENIDO CON FORMATO
Título principal Como se recuerda la Posta
505 0# - NOTA DE CONTENIDO CON FORMATO
Título Historia de los protagonistas
505 0# - NOTA DE CONTENIDO CON FORMATO
Título principal Fausto Juarez
505 0# - NOTA DE CONTENIDO CON FORMATO
Título principal Luis Terrarosa
505 0# - NOTA DE CONTENIDO CON FORMATO
Título principal Los Terrarosa en un censo
505 0# - NOTA DE CONTENIDO CON FORMATO
Título principal Luis Terrarosa y Juan Fuentes
505 0# - NOTA DE CONTENIDO CON FORMATO
Título principal Mitos y misterios de Luis Terrarosa
505 0# - NOTA DE CONTENIDO CON FORMATO
Título principal Inesperado encuentro con la verdad
505 0# - NOTA DE CONTENIDO CON FORMATO
Título principal Comienzo y cierre de una historia
650 4# - MATERIA - TERMINO TEMATICO
Término temático general Historia
650 4# - MATERIA - TERMINO TEMATICO
Término temático general Hotel
Subdivisión de formulario Hospedaje - alojamiento
650 40 - MATERIA - TERMINO TEMATICO
Término temático general Urbanizaciones
650 4# - MATERIA - TERMINO TEMATICO
Término temático general Trazado de ferrocarril
651 #0 - MATERIA - NOMBRE GEOGRAFICO
Termino geografico Firmat (Santa Fe, Argentina)
9 (RLIN) 27157
653 ## - MATERIA - PALABRAS CLAVES
Palabras claves Planos -Trazados de Firmat
908 ## - SOPORTE
Soporte Imp
930 ## - ACCESION
Numero de accesion (NR) 12198
942 ## - FUENTE DE CLASIFICACION
Clasificacion Dewey Decimal Classification
Tipo de item Libro
945 ## - INFORMACION DE PROCESAMIENTO
Codigo del operador MIA
Fecha de ingreso o modificacion 2025-05-14
980 ## - DECLARACIÓN DE EQUIVALENCIA O SERIE DE REFERENCIA CRUZADA - NOMBRE / TÍTULO PERSONAL [LOCAL, CANADÁ]
Código del operador que modifico el registro
Nombre del operador que modifico el registro CRON CRON
Existencias
Estado retiro Estado perdido Sistema de clasificacion Estado general Restricciones de uso Biblioteca de origen Ubicacion actual Localizacion en estante Fecha de adquisicion Fuente de adquisicion Prestamos totales Signatura y librística Proveedor Numero de ejemplar Tipo de elemento KOHA Nota no publica
Disponible Disponible cdu No dañado Ningun uso de restricciones Arq. Hilarión H. Larguia Arq. Hilarión H. Larguia Tec 14/05/2025 Don   728.5:711(821.6) B647 18318 ej. 1 Libro